000 00954nmc a2200325 a 4500
003 AR-BaBNM
005 20251128211316.0
008 193120s2002 ||||||||||||||000 | spa||
020 _a84-7432-960-X
040 _cAR-BaBNM
100 1 _aHaynes, Felicity
245 1 0 _aEtica y escuela
_b¿es siempre ético cumplir las normas de la escuela?
250 _a1ª ed.
260 _aBarcelona
_bGedisa
_c2002
300 _a285 p.
490 0 _aBiblioteca de Educación. Pedagogía de los valores
_vv. 4
500 _aContiene glosario e índice de autores y materias
504 _aContiene referencias bibliográficas p. 257-276
650 4 _aCURRICULO
650 4 _aETICA
650 4 _aNORMAS
650 4 _aCENSURA
650 4 _aCASTIGOS ESCOLARES
653 _aEDUCACION EN VALORES
653 _aEDUCACION EN LA DIVERSIDAD
653 _aEDUCACION Y PODER
700 1 _aEscolà, Filella
_etraductor
942 _cBK
998 _craquel
999 _c19093
_d19093